Kadra Realu Madryt w LM 2010/2011 - Statystyki

Ogólne statystyki
  • Ten quiz został rozwiązany 219 razy
  • Średni wynik to 16 z 25
Statystyki odpowiedzi
pozycja kraj piłkarz % Poprawnych
N POR Cristiano Ronaldo
99%
N FRA Karim Benzema
97%
B ESP Iker Casillas
95%
B POL Jerzy Dudek
94%
O ESP Sergio Ramos
94%
O POR Pepe
88%
O BRA Marcelo
85%
N ARG Gonzalo Higuain
83%
P ARG Angel Di Maria
81%
Trener POR Jose Mourinho
81%
P GER Mesut Ozil
78%
P GER Sami Khedira
72%
P ESP Xabi Alonso
66%
O ESP Alvaro Arbeloa
58%
P BRA Kaka
56%
O POR Ricardo Carvalho
54%
P FRA Lassana Diarra
49%
P MLI Mahamadou Diarra
49%
B ESP Antonio Adan
43%
O ESP Raul Albiol
41%
P ARG Fernando Gago
28%
P ESP Esteban Granero
23%
O ARG Ezequiel Garay
23%
P ESP Pedro Leon
15%
P ESP Sergio Canales
10%
Nie znaleziono quizów pasujących do podanych kryteriów
Rozkład punktacji
Procent ludzi z każdym wynikiem
Percentyl według liczby udzielonych odpowiedzi
Twoja historia wyników
Nie rozwiązałeś tego quizu